| 000 | 00726cam a22002413a 4500 | ||
|---|---|---|---|
| 001 | 17316 | ||
| 003 | PGUSA | ||
| 005 | 20140828083353.0 | ||
| 008 | 051215s2005||||xxu|||||s|||||000 | eng d | ||
| 040 |
_aPGUSA _beng |
||
| 042 | _adc | ||
| 050 | 4 | _aD501 | |
| 245 | 1 | 0 |
_aLetters of a Soldier, 1914-1915 _h[electronic resource] / _cAnonymous |
| 260 |
_bProject Gutenberg, _c2005 |
||
| 506 | _aPublic domain in the USA. | ||
| 516 | _aElectronic text | ||
| 653 | _aWorld War, 1914-1918 -- Personal narratives, French | ||
| 700 | 1 |
_aClutton-Brock, A. _q(Arthur), _d1868-1924 |
|
| 700 | 1 |
_aChevrillon, André, _d1864-1957 |
|
| 830 | 0 |
_aProject Gutenberg _v17316 |
|
| 856 | 4 | 0 | _uhttp://www.gutenberg.org/ebooks/17316 |
| 942 | _cEB | ||
| 999 |
_c246571 _d246571 |
||